000
00286nam a2200121Ia 4500
005
20251222154404.0
008
251222s9999||||xx |||||||||||||| ||spa||
020
_a
84-320-9104-9
082
_a
818.57/L85Q/1987
100
_a
"London, Jack"
245
0
_a
La quimera del oro
942
_c
LIB
999
_c
35400
_d
35400